Ilíada

সংরক্ষণ করুন:
গ্রন্থ-পঞ্জীর বিবরন
প্রধান লেখক: Homero (autor)
বিন্যাস: গ্রন্থ
ভাষা:স্প্যানিশ
প্রকাশিত: Madrid Edición Integra 2013
সংস্করন:8a. ed
মালা:Clásicos Universales, 20
বিষয়গুলি:
ট্যাগগুলো: ট্যাগ যুক্ত করুন
কোনো ট্যাগ নেই, প্রথমজন হিসাবে ট্যাগ করুন!

MARC

LEADER 00000cam a2200000 a 4500
001 UCC1685
003 CL-VaPUC
008 171117e20130000sp |||||||||||||||||spa|d
020 |a 9788489163553 
082 0 4 |a 883  |b HOM  |2 21 
100 |a Homero   |e autor  |9 265577 
245 1 0 |a Ilíada 
250 |a 8a. ed 
300 |a 444 p 
942 |c BK 
945 |d 20171117 16:06:00  |a arojas 
260 |a Madrid  |b Edición Integra  |c 2013 
650 7 |a POESIAS EPICAS GRIEGAS  |2 CL-VaPUC  |9 265677 
650 7 |a LITERATURA GRIEGA  |2 CL-VaPUC  |9 258054 
583 |a last modification  |c 20171117 16:06:00  |k Rodrigo Vera 
490 0 |a Clásicos Universales, 20 
999 |c 370080  |d 370078 
952 |0 0  |1 0  |3 erb  |4 0  |6 883_000000000000000_HOM_2013  |7 0  |8 A  |9 486375  |a BIBGIM  |b BIBGIM  |i 5434750  |l 3  |o 883 HOM 2013  |p 5434750  |r 2025-03-13  |s 2025-03-13  |w 2019-11-24  |y BK  |z Catalogado en:20171117  |k SSL